| 000 | 00393nam a22001697a 4500 | ||
|---|---|---|---|
| 005 | 20160623104613.0 | ||
| 008 | 160623b xxu||||| |||| 00| 0 eng d | ||
| 020 | _a978-1-84331-713-5 | ||
| 041 | _aeng | ||
| 082 | _b9070 | ||
| 100 |
_aGupta, Nilanjana _92552 |
||
| 245 | _aCommunicate with Confidence | ||
| 260 | _bAnthem Press | ||
| 300 | _a179 | ||
| 650 |
_aManagement _9241 |
||
| 942 | _cBK | ||
| 999 |
_c3632 _d3631 |
||